CAB reviews.

"Complements the subject coverage of CAB Abstracts, by focusing on agriculture, animal science, applied plant sciences, global health, veterinary medicine, nutrition and food science, natural resources and environmental sciences"--Resource "About" page

Bibliographic Details
Corporate Author: C.A.B. International
Format: Database
Language:English
Published: [Wallingford, Oxfordshire, UK] : CABI
Subjects:
Online Access:https://coral.library.tamu.edu/resourcelink.php?resource=1255

MARC

Tag First Indicator Second Indicator Subfields
LEADER 00000cai a2200000Ia 4500
001 in00003710136
005 20171027110653.0
006 m o d
007 cr cn|---|||||
008 070627c20079999enkuu dso 0 2eng d
019 |a 871822365 
022 |a 1749-8848  |l 1749-8848  |2 2 
035 |a (OCoLC)145741312 
040 |a CUV  |b eng  |c CUV  |d COO  |d CUV  |d OCLCQ  |d OCLCF  |d CUY  |d OTZ  |d OCLCQ  |d OCLCO  |d OCL 
049 |a TXAM 
050 4 |a Z699.5.A5 
222 0 |a Perspectives in agriculture, veterinary science, nutrition and natural resources 
245 0 0 |a CAB reviews. 
246 1 |i Title from HTML header:  |a CAB reviews - abstracts  |f <June 27, 2007> 
246 1 3 |a CAB reviews on CAB direct  |f <June 27, 2007> 
246 3 0 |a Perspectives in agriculture, veterinary science, nutrition and natural resources  |f <June 27, 2007> 
264 1 |a [Wallingford, Oxfordshire, UK] :  |b CABI 
336 |a text  |b txt  |2 rdacontent 
337 |a computer  |b c  |2 rdamedia 
338 |a online resource  |b cr  |2 rdacarrier 
500 |a Electronic resource. 
506 |a Access restricted to subscribing institutions. 
520 |a "Complements the subject coverage of CAB Abstracts, by focusing on agriculture, animal science, applied plant sciences, global health, veterinary medicine, nutrition and food science, natural resources and environmental sciences"--Resource "About" page 
538 |a Mode of access: World Wide Web. 
588 0 |a Contents viewed on October 12, 2015; title from home page. 
650 2 |a Veterinary Medicine.  |0 https://id.nlm.nih.gov/mesh/D014730 
650 2 |a Agriculture.  |0 https://id.nlm.nih.gov/mesh/D000383 
650 2 |a Biological Science Disciplines.  |0 https://id.nlm.nih.gov/mesh/D001690 
650 2 |a Ecology.  |0 https://id.nlm.nih.gov/mesh/D004463 
650 2 |a Nutritional Physiological Phenomena.  |0 https://id.nlm.nih.gov/mesh/D009747 
650 7 |a Agriculture.  |2 fast  |0 (OCoLC)fst00801355 
650 7 |a Life sciences.  |2 fast  |0 (OCoLC)fst00998323 
650 7 |a Natural resources.  |2 fast  |0 (OCoLC)fst01034403 
650 7 |a Nutrition.  |2 fast  |0 (OCoLC)fst01042187 
650 7 |a Veterinary medicine.  |2 fast  |0 (OCoLC)fst01165977 
655 7 |a Databases.  |2 fast  |0 (OCoLC)fst01411643 
650 0 |a Agriculture  |v Databases. 
655 2 |a Database  |0 (DNLM)D019991 
710 2 |a C.A.B. International. 
730 0 |a CAB abstracts. 
856 4 0 |u https://coral.library.tamu.edu/resourcelink.php?resource=1255  |t 0 
856 4 0 |u https://coral.library.tamu.edu/resourcelink.php?resource=1255  |t 0 
948 |a cataloged  |b h  |c 2016/7/22  |d c  |e spoltoratski  |f 1:37:05 pm  |g sc 
994 |a C0  |b TXA 
999 f f |s b10ecb5e-2220-3c35-885f-e7e26cca418e  |i 7caea491-b60c-321a-9a83-7aa8e7f1b779  |t 0 
952 f f |a Texas A&M University  |b College Station  |c Electronic Resources  |d Available Online  |t 0  |e Z699.5.A5 C33  |g Electronic  |h Library of Congress classification 
998 f f |a Z699.5.A5 C33  |t 0  |l Available Online